000 00294nam a22001337a 4500
008 171027b xxu||||| |||| 00| 0 eng d
020 _a9780132434799
041 _aeng
080 _a336
100 _a55
101 _aMEN
245 _aENTREPRENEURIL FINANCE
_cADELMAN, P.J
942 _2udc
_cBK
999 _c36011
_d36011